| 000 | 00877nam a2200265 a 4500 | ||
|---|---|---|---|
| 001 | BRL_1151 | ||
| 005 | 20190320211047.0 | ||
| 008 | 151113s1959----mx-ab#####---#000-0#spa-# | ||
| 041 | _aspa | ||
| 044 | _amx | ||
| 050 | 4 |
_aF1256 _b.P69 1959 |
|
| 100 | 1 |
_aPozas, Ricardo _924933 |
|
| 245 | 1 | 0 |
_aChamula un pueblo indio de los altos de Chiapas _cpor Ricardo Pozas. |
| 260 |
_aMéxico, D.F. _bInstituto Nacional Indigenista _c1959 |
||
| 300 |
_a206 p. _bil., mapas _c28 cm. |
||
| 440 | 0 |
_aMemorias del Instituto Nacional Indigenista _vvol.8 _925949 |
|
| 500 | _aAu1324 | ||
| 500 | _aEstado físico: No tiene encuadernación. | ||
| 504 | _aBibliografía: p. 205-206 | ||
| 650 | 1 | 4 |
_aIndios de México _zChiapas _923201 |
| 650 | 1 | 4 |
_aTzotziles _xVida social y costumbres _923102 |
| 651 | 4 |
_aChamula (Chiapas) _xVida social y costumbres _925950 |
|
| 902 | _aGRL | ||
| 942 |
_2lcc _cB |
||
| 999 |
_c9963 _d9963 |
||